Największe miasta Imperium Hiszpańskiego - Statystyki

Ogólne statystyki
  • Ten quiz został rozwiązany 1 651 razy
    1 565 od ostatniego zresetowania
  • Średni wynik to 11 z 24
Statystyki odpowiedzi
Populacja Miasto % Poprawnych
6,65 mln Madryt
98%
4,88 mln Barcelona
93%
25,1 mln Meksyk
84%
16,7 mln Buenos Aires
77%
10,4 mln Bogota
72%
11,8 mln Lima
72%
8,25 mln Santiago
68%
3,83 mln Caracas
60%
17,2 mln Los Angeles
52%
27,2 mln Manila
48%
7,45 mln San Francisco
42%
6,3 mln Miami
38%
4,28 mln Medellin
35%
7,65 mln Dallas
32%
5,85 mln Guadalajara
32%
7,05 mln Houston
31%
6 mln Monterrey
27%
3,85 mln Santo Domingo
23%
4,9 mln Phoenix
22%
4,05 mln Neapol
15%
3,85 mln Denver
13%
6,1 mln Mediolan
10%
4,23 mln Puebla
10%
4,93 mln Tampa
10%
Nie znaleziono quizów pasujących do podanych kryteriów
Rozkład punktacji
Procent ludzi z każdym wynikiem
Percentyl według liczby udzielonych odpowiedzi
Twoja historia wyników
Nie rozwiązałeś tego quizu od ostatniego zresetowania